"Traduction" de Pookie - Aya Nakamura - Statistiques

Statistiques générales
  • Ce quiz a été pris 1 969 fois
  • Le résultat moyen est 8 sur 12
Réponses sur la Carte
Les réponses sont colorées sur une échelle allant du rouge au vert en fonction du pourcentage des utilisateurs qui les ont devinées à leur premier essai. Vous pouvez retrouver ces pourcentages ci-dessous.
 
Statistiques - réponses
Aya Aca % Correct
time temps
88%
quer-cra craquer
85%
boy mec
85%
hors game pas dans ce {jeu}
85%
bails affaires
74%
pépètes argent
72%
avoir le seum être dégouté
72%
pookie balance
70%
dans l'side dans le {coin}
66%
faire la mala faire la {fête}
45%
avoir la boca être excité
43%
être gang avoir de l'allure
28%
Aucun quiz correspondant
Distribution des résultats
% des personnes avec chaque résultat
Percentile par nombre de réponses
Votre historique - résultats
Vous n’avez pas pris ce quiz